000 00718nam a22001937a 4500
008 160204b xxu||||| |||| 00| 0 eng d
020 _a0618324704
082 _22005
_aDK12 420.7
_bR666
100 _92440
_aRobledo, Roberto E.
245 _aRead to succeed 1 :
_bacademic reading right from the start /
_cRoberto E. Robledo and Dolores Howard.
260 _aBoston :
_bHoughton Mifflin Company,
_c©2003.
300 _axiv, 211 pages :
_billustrations ;
_c25 cm.
500 _aIncludes appendix.
650 0 _92446
_aEnglish as a second language
650 0 _92450
_bReading comprehension
_vProblems, exercises, etc.
650 0 _92451
_aEnglish language
700 _92441
_aHoward, Dolores., jt. au.
942 _2ddc
_cDC
999 _c915
_d915